|
|
|
|
| LEADER |
00000nam a2200000 4500 |
| 001 |
vtls011824082 |
| 003 |
SK-MaSNL |
| 005 |
20260302021707.0 |
| 008 |
181120s2016 rb 000 0 srp |
| 020 |
|
|
|a 9788675433125
|q (viazané)
|
| 040 |
|
|
|a SNK
|b slo
|c SNK
|e rda
|
| 041 |
0 |
|
|a srp
|b eng
|
| 044 |
|
|
|a rb
|c RS
|
| 100 |
1 |
|
|a Samardžić, Slobodan,
|d 1953-
|4 aut
|9 666260
|
| 245 |
1 |
0 |
|a Evropska unija: sistem u krizi
|b sa studijom slučaja o odnosima Srbije i EU
|c Slobodan Samardžić
|
| 264 |
|
1 |
|a Sremski Karlovci
|b Novi Sad
|b Izdavačka knjižarnica Zorana Stojanovića
|c 2016
|
| 300 |
|
|
|a 387 strán
|c 24 cm
|
| 336 |
|
|
|a text
|b txt
|2 rdacontent
|
| 337 |
|
|
|a bez média
|b n
|2 rdamedia
|
| 338 |
|
|
|a zväzok
|b nc
|2 rdacarrier
|
| 490 |
1 |
|
|a Biblioteka Levijatan
|
| 504 |
|
|
|a Obsahuje bibliografiu
|
| 546 |
|
|
|a Anglické resumé
|
| 610 |
2 |
7 |
|a Európska únia
|2 SNKKA
|9 29861
|
| 651 |
|
7 |
|a Srbsko
|2 SNKPHgeo
|9 31535
|
| 655 |
|
7 |
|a monografie
|2 SNKPH
|9 70139
|
| 655 |
|
7 |
|a Monographs
|2 SNKPHeng
|9 120675
|
| 830 |
|
0 |
|a Biblioteka Levijatan
|9 666261
|
| 919 |
|
|
|a 978-86-7543-312-5
|
| 999 |
|
|
|c 1029939
|d 1031869
|
| 952 |
|
|
|a SNK
|b SNK
|y VYP
|7 0
|p 17A1353357
|o snkIC 144542
|i snk2019/2318
|8 2
|g 20.00
|0 0
|1 0
|4 0
|d 2018-11-20
|l 0
|r 2026-02-24 13:51:16
|w 2026-02-24
|